=LDR 00000nam 2200000 4500 =001 INLIS000000000025895 =005 20130612124354 =008 ***********************************ind** =035 ##$$0010-061300000025895 =041 ##$$a ind =082 ##$$a 657.835 =090 ##$$a 657.835, SIR a =100 ##$$a Siregar, Baldric =245 ##$$a Akuntansi pemerintahan dengan sistem dana, Baldric Siregar, Bonni Siregar =260 ##$$a 1998 $b Yogyakarta =300 ##$$a xiv, 409 hlm., 24 cm =650 ##$$a Akuntansi =700 ##$$a Siregar, Bonni =850 ##$$a NBPNMAT =990 ##$$a 21400366/BPAP-NTB/2014 =990 ##$$a 0001/BPAP-NTB/2016 =990 ##$$a 0001/BPAP-NTB/2016